Joueurs vainqueurs de l’Euro - mort subite - Statistiques

Statistiques générales
  • Ce quiz a été pris 1 987 fois
  • Le résultat moyen est 7 sur 20
Answers on the Grid
Answers color-coded by a green-red scale on the quiz's grid according to % correct below.
Lionel Messi
Aymeric Laporte
Lamine Yamal
Zinédine Zidane
Johan Cruyff
Lev Yachine
Peter Schmeichel
Antoine Griezmann
Sylvain Wiltord
Paolo Maldini
Joselu
Cristiano Ronaldo
Leonardo Bonucci
Luka Modrić
Toni Kroos
Bukayo Saka
Didier Deschamps
Peter Crouch
Rodri
Bernardo Silva
Renato Sanches
Iker Casillas
Xabi Alonso
Thiago Motta
Michel Platini
Luis Fernandez
David Ginola
Karl-Heinz Rummenigge
Gianluigi Donnarumma
Marco van Basten
Oliver Kahn
Arjen Robben
 
Statistiques - réponses
Réponse % Correct
Lamine Yamal
58%
Cristiano Ronaldo
56%
Zinédine Zidane
56%
Iker Casillas
54%
Rodri
54%
Gianluigi Donnarumma
51%
Didier Deschamps
50%
Xabi Alonso
45%
Aymeric Laporte
41%
Michel Platini
41%
Leonardo Bonucci
39%
Renato Sanches
38%
Sylvain Wiltord
32%
Peter Schmeichel
24%
Joselu
23%
Marco van Basten
23%
Luis Fernandez
17%
Karl-Heinz Rummenigge
13%
Lev Yachine
12%
Oliver Kahn
10%
Aucun quiz correspondant
Distribution des résultats
% des personnes avec chaque résultat
Percentile par nombre de réponses
Votre historique - résultats
Vous n’avez pas pris ce quiz